| 000 | 00477nam a22001337a 4500 | ||
|---|---|---|---|
| 008 | 131205b xxu||||| |||| 00| 0 eng d | ||
| 050 | _aD811.M254 1949 | ||
| 100 |
_aMaclean, Fitzroy _95166 |
||
| 245 | _aEastern approaches | ||
| 260 |
_aLondon _bJonathan Cape; Book Society _c1949 |
||
| 300 |
_a543p. _c20cm |
||
| 650 |
_aWorld War 1939-1945 - Personal narratives. British; World War 1939-1945 - Yugoslavia; Asia, Central - Description & travel _95167 |
||
| 942 |
_2lcc _cMONOGRAPH |
||
| 999 |
_c119090 _d119090 |
||